01457nam a2200385Ia 450000500170000000800390001702000180005604100080007410000320008224501380011425000220025226400490027430000260032333600270034933700330037633800280040950000420043750400270047954600370050660000570054360000620060065000410066265000430070365000330074665000390077965000250081865000310084365000260087465000290090065000310092965000300096070000350099004000350102508400110106020220317001858.0170410s2016 mx g 000 p spa a9789588249070 aMUL1 aPessoa, Fernandod1888-193510aPessoa múltiplebantología bilingüe = antologia bilinguecedición, traducción y notas Jerónimo Pizarro, Nicolás Barbosa aPrimera edición 1aMéxicobFondo de Cultura Económicac20161 a495 páginasc23 cm. atextobtxt2rdacontent asin mediaciónbn2rdamedia avolumenbnc2rdacarrier aIncluye índice de primeras líneas aIncluye bibliografía aTexto en español y portugués14aPessoa, Fernandod1888-1935vColecciones de escritos14aPessoa, Fernandod1888-1935xCrítica e interpretación142LEMBaPoesía portuguesaySiglo xIX142LEMBaLiteratura portuguesaySiglo XIX142LEMBaAdolescentesvPoesía142LEMBaHábitos de fumarvPoesía142LEMBaAmorvPoesía142LEMBaNaturalezavPoesía142LEMBaVejezvPoesía142LEMBaViolinesvPoesía142LEMBaMontañasvPoesía142LEMBaFantasmasvPoesía1 aPizarro, Jerónimoetraductor aCO-BoRNBPbspaerdacCO-BoRNBP aP PES4